Rohff - Rap Game (paroles) - Statistiques

Statistiques générales
  • Ce quiz a été pris 32 fois
  • Le résultat moyen est 249 sur 495
Statistiques - réponses
Hint Réponse % Correct
le
91%
Le
91%
Tu
91%
tu
91%
de
86%
du
86%
Game
86%
Intro (x9) | Outro (x4) | Refrain Rap
86%
rap
86%
Dans
82%
dans
82%
les
82%
Les
82%
veux
82%
a
77%
à
77%
la
77%
La
77%
ma
77%
criminel
73%
tes
73%
T'es
73%
to
73%
y
73%
Biggie !
68%
conduite
68%
et
68%
il
68%
Il
68%
je
68%
me
68%
On
68%
on
68%
pas
68%
prunelles
68%
sa
68%
sensationnel ?
68%
Couplet 1 Slalom
68%
un
68%
vu
68%
au
64%
en
64%
fantome
64%
groupie
64%
Hip-Hop
64%
MySpace !
64%
ont
64%
place
64%
tunnels
64%
yeux
64%
aucun
59%
fuck
59%
j'ai
59%
J'ai
59%
j'ai ?
59%
mes
59%
Ne
59%
ne
59%
par
59%
passer
59%
pour
59%
que
59%
radars
59%
son
59%
supporters
59%
2pac !
55%
barres !
55%
comme
55%
Comme
55%
contre
55%
des
55%
entre
55%
flow
55%
français
55%
Hous'
55%
Ils
55%
ils
55%
net
55%
rivaliser
55%
sur
55%
trône
55%
Vendôme
55%
C'est
50%
c'est
50%
clan
50%
contrefaçons
50%
est
50%
Fifty
50%
j'bicrave
50%
Nigga !
50%
parle
50%
plus
50%
plutôt
50%
porte
50%
qui
50%
Qui
50%
reconnaissent
50%
ricain
50%
rien
50%
show
50%
street
50%
studio
50%
toi
50%
ton
50%
y'en
50%
4000
45%
Aucune
45%
avoir
45%
concert
45%
détention
45%
d'un
45%
étudie
45%
facon
45%
fais
45%
freestylé
45%
groupies !
45%
interprète
45%
j'fuck
45%
lors
45%
l'Rap
45%
l'rap
45%
mais
45%
Mais
45%
Mon
45%
mon
45%
nous
45%
parce
45%
recul
45%
Rince
45%
sauver
45%
sépare
45%
ses
45%
States
45%
techniques
45%
ter-ter
45%
tickets
45%
transfert
45%
trop
45%
y'a
45%
Couplet 2 Y'a
45%
authentique
41%
bracelet
41%
contradiction
41%
j'perce
41%
J'suis
41%
moi
41%
ou
41%
Pac
41%
permission
41%
quel
41%
qu'la
41%
quoi
41%
Quoi ?
41%
qu'un
41%
the
41%
tout
41%
acteurs
36%
ah-ah-ah
36%
bling-bling
36%
caméras
36%
carrosserie
36%
circule
36%
détécteur
36%
Distinct
36%
divisera
36%
éléctrique
36%
électronique
36%
faille
36%
fût
36%
hip-hopcrite ?
36%
"Housni !"
36%
Jay-Z
36%
J'te
36%
Manchester
36%
moteur
36%
peu
36%
peut
36%
tass
36%
Tous
36%
tous
36%
trouvé
36%
trouve
36%
âge
32%
amoureux
32%
arracher
32%
calculs
32%
Chelsea
32%
conquérant
32%
d'affaire
32%
décharge
32%
déplume
32%
envoie
32%
freins
32%
hardcore
32%
haut
32%
homme
32%
j'les
32%
j'pars
32%
J'pratique
32%
juste
32%
ligne
32%
Line
32%
MC
32%
médiateurs
32%
meufs
32%
minuscule !
32%
misent
32%
nocturne
32%
producteurs
32%
promis
32%
ridicule
32%
sans
32%
seul
32%
Si
32%
si
32%
théorie
32%
une
32%
va
32%
veulent
32%
vois
32%
0.9
27%
10
27%
9.4
27%
album
27%
ans
27%
arrière
27%
bluff
27%
cahier
27%
cassée
27%
C'était
27%
charcle
27%
concurrents
27%
d'arrivée
27%
devant
27%
d'hab
27%
d'vendus
27%
font
27%
habs
27%
j'nettoie
27%
j'vais
27%
kalasher
27%
ke-cra
27%
lâché
27%
leur
27%
l'marathon
27%
manageurs
27%
marche
27%
motherfucking
27%
odeurs
27%
orreilles
27%
ouais
27%
part
27%
piques
27%
prêcheurs
27%
p'tit
27%
rappeurs
27%
succès
27%
tecktonik
27%
t'nique
27%
t'sais
27%
voyoucratie
27%
auteur
23%
avant
23%
chaise
23%
clasher
23%
Dailymotion
23%
d'avance
23%
fuck-fuck-fuck
23%
Gangsters
23%
génération
23%
gérait
23%
jactes
23%
jalousie
23%
J'rappe
23%
kick
23%
l'interprête
23%
mode
23%
m'voit
23%
pédé
23%
quand
23%
rager
23%
récidiver
23%
revendique
23%
s'agit
23%
veut
23%
vidéos
23%
videurs
23%
zéro
23%
bord
18%
buzz
18%
d'action
18%
d'commentaires
18%
du-du-du
18%
encouragé
18%
enregistre
18%
ghetto
18%
j'pousse
18%
lancé
18%
l'homicide
18%
mélangeons
18%
ouais-ouais
18%
ouais-ouais-ouais !
18%
roulante
18%
s'improvisent
18%
si-si
18%
s'partagent
18%
d'rumeurs
14%
écrit
14%
exprime
14%
feat
14%
marketing
14%
photo
14%
Ponch-line
14%
stratégies
14%
Vi-vi-vi-vive
14%
armes
9%
biatch
9%
bourée
9%
casting
9%
froid
9%
perd
9%
sang
9%
bracos
5%
génocyde
5%
taule
5%
Aucun quiz correspondant
Distribution des résultats
% des personnes avec chaque résultat
Percentile par nombre de réponses
Votre historique - résultats
Vous n’avez pas pris ce quiz